The role of macroalgal species as bio-indicators of water quality in bermudian karstic cave pools /

Bibliographic Details
Main Author: Maloney, Bridget Marie
Other Authors: Iliffe, Thomas M. (Thesis advisor)
Format: Thesis eBook
Language:English
Published: [College Station, Tex.] : [Texas A&M University], [2010]
Subjects:
Online Access:Link to OAK Trust copy

MARC

Tag First Indicator Second Indicator Subfields
LEADER 00000cam a2200000Ka 4500
001 in00002575496
005 20151201150151.0
006 m f d
007 cr unu||||||||
008 100428s2010 txu sbm 000 0 eng d
035 |a (OCoLC)ocn609905053 
035 |a (OCoLC)609905053 
035 |a (TxCM)http://hdl.handle.net/1969.1/ETD-TAMU-3261 
040 |a TXA  |c TXA  |d UtOrBLW 
049 |a TXAM 
099 |a 2008  |a Thesis  |a 1969.1/ETD-TAMU-3261 
100 1 |a Maloney, Bridget Marie. 
245 1 4 |a The role of macroalgal species as bio-indicators of water quality in bermudian karstic cave pools /  |c by Bridget Marie Maloney. 
264 1 |a [College Station, Tex.] :  |b [Texas A&M University],  |c [2010] 
300 |a 1 online resource. 
336 |a text  |b txt  |2 rdacontent 
337 |a computer  |b c  |2 rdamedia 
338 |a online resource  |b cr  |2 rdacarrier 
500 |a "Major Subject: Wildlife and Fisheries Sciences" 
500 |a Title from author supplied metadata (automated record created 2010-03-12 12:08:51). 
502 |b Master of Science  |c Texas A&M University  |d 2008  |o http://hdl.handle.net/1969.1/ETD-TAMU-3261 
504 |a Includes bibliographical references. 
516 |a Text (Thesis) 
520 3 |a Bermuda has one of the highest concentrations of cave systems of any country in the world, but as the resident human population and tourism expand, this unique habitat is becoming increasingly threatened by development and water pollution. A water quality assessment was performed in six of Bermuda's anchialine cave pools during summer 2007. Vertical water profiles were collected at each site to determine temperature, salinity, dissolved oxygen, and pH levels throughout the water column. Each cave pool had its own unique hydrological patterns. Additionally, water samples were collected at the surface and at the maximum depth to determine the concentration of nitrate, nitrite, ammonium, phosphate, and urea in the water. Further samples were collected to establish the fecal bacteria content in the surface waters. High nitrate levels were measured in two of the cave pools, while unsafe bacterial levels were measured in three pools. In situ nutrient addition experiments were used to examine effects of nutrient enrichment on algae naturally occurring in the six cave pool. Initial assessments of the pools determined distribution of foliose species. Six algal species (Ulva sp., Caulerpa mexicana, C. racemosa, C. sertularioides, Halymenia floresii, and Cryptonemia sp.) inhabited multiple sites, but not all species occurred at all sites. Changes in the biomass of individual plants were recorded for 6 to 12 days in response to N (nitrate), P (phosphate), and NP additions. The effect of nutrient addition on increase in biomass was significant over a 6 day period for Ulva sp. and H. floresii. Intermediate to no growth was seen in C. mexicana and Cryptonemia sp. C. mexicana exhibited both increases and in biomass depending on the site. Cryptonemia sp. had low but positive growth. A significant decrease in biomass occurred with C. racemosa and C. sertularioides. Primary productivity was measured using the traditional light dark bottle method. Differences in net productivity and respiration may explain why some plants responded positively and other negatively to nutrient additions. Ulva sp. and H. floresii showed potential as bioindicators for groundwater quality. 
500 |a Electronic resource. 
650 4 |a Major wildlife and fisheries sciences. 
653 |a primary productivity 
653 |a nutrient enrichment 
653 |a Bermuda 
653 |a macroalgae 
700 1 |a Iliffe, Thomas M.,  |e thesis advisor. 
856 4 0 |u http://hdl.handle.net/1969.1/ETD-TAMU-3261  |z Link to OAK Trust copy  |t 0 
948 |a cataloged  |b h  |c 2010/4/28  |d c  |e jgreene  |f $:27:43 pm 
994 |a C0  |b TXA 
999 |a MARS 
999 f f |s 9e30378d-ce46-3055-9ab8-743d04020923  |i ff89c3ff-e595-31d4-86b2-41c3ac1d86f6  |t 0 
952 f f |a Texas A&M University  |b College Station  |c Electronic Resources  |d Available Online  |t 0  |e 2008 Thesis 1969.1/ETD-TAMU-3261  |h Other scheme 
998 f f |a 2008 Thesis 1969.1/ETD-TAMU-3261  |t 0  |l Available Online